|
|
|
|
| LEADER |
00000cam a2200000 a 4500 |
| 001 |
vtls008324697 |
| 003 |
SK-MaSNL |
| 005 |
20260512093505.0 |
| 008 |
180814s1975 xo a p 000 0 slo |
| 015 |
|
|
|a SNBA1975/03-00825
|
| 035 |
|
|
|a SK01SNK19750016914
|
| 035 |
|
|
|a SKM000019377
|
| 040 |
|
|
|a SNK
|b slo
|c SNK
|e AACR2
|
| 041 |
0 |
|
|a slo
|
| 044 |
|
|
|a xo
|c SK
|
| 080 |
|
|
|a 616.9(075.8)
|2 1981
|
| 100 |
1 |
|
|a Borecký, Ladislav,
|d 1924-2008
|4 aut
|9 38214
|
| 245 |
1 |
0 |
|a Úvod do lekárskej virológie a princípy diagnostiky vírusových a rickettsiových ochorení
|b (virologická propedeutika) : ...učeb. text pre internú potrebu štud. Lekárskej fak. UK
|c Ladislav Borecký
|
| 250 |
|
|
|a 2. preprac. vyd.
|
| 260 |
|
|
|a Bratislava
|b Univerzita Komenského, Lekárska fakulta
|c 1975
|
| 300 |
|
|
|a 115, [1] s.
|b sch., tab.
|c 4°
|
| 366 |
|
|
|e 800 výt.
|
| 490 |
1 |
|
|a Vysokoškolské skriptá
|
| 500 |
|
|
|a Prehľad významných dát z dejín virológie a rickettsiológie
|
| 650 |
0 |
7 |
|a virológia
|2 SNKPH
|9 19067
|
| 655 |
|
7 |
|a učebnice vysokých škôl
|2 SNKPH
|9 70191
|
| 810 |
|
|
|a Univerzita Komenského v Bratislave.
|b Lekárska fakulta
|t Vysokoškolské skriptá
|9 277420
|
| 958 |
|
|
|a OND
|
| 958 |
|
|
|a RM
|
| 958 |
|
|
|a RK
|
| 958 |
|
|
|a UV
|
| 958 |
|
|
|a MI
|
| 999 |
|
|
|c 1164599
|d 1166529
|
| 952 |
|
|
|a SNK
|b SNK
|y PREZ
|7 0
|p 17A0920557
|o snkSB 21975
|i snkKSP 2780/75
|0 0
|1 0
|4 0
|d 2014-06-04
|f 1
|l 0
|r 2025-03-26 00:00:00
|w 2026-02-24
|
| 952 |
|
|
|a SNK
|b SNK
|y VYP
|7 0
|o snkSB 21975 D1
|i snkKSP 2781/75
|0 0
|1 0
|4 0
|d 2014-06-04
|l 0
|r 2026-02-24 20:45:05
|w 2026-02-24
|